[Event "AUTO-INT-3791"]
[Site "http://www.queenalice.com/game.php?id=1809187"]
[Date "2023.4.3"]
[Round "2"]
[White "cucalegal2"]
[Black "brettsinclair"]
[Result "0-1"]
[WhiteElo "1618"]
[BlackElo "1698"]

1. Nf3 Nf6 2. h3 d6 3. d3 c5 4. c3 Nc6 5. Qb3 e5 6. Ng5 Be7 7. Qxf7+ Kd7 8. Qc4
d5 9. Qa4 Rf8 10. g3 h6 11. Nf3 Kc7 12. Nh4 Bd7 13. Qc2 e4 14. g4 g5 15. Ng6 Rg8
16. Nxe7 Qxe7 17. Na3 a6 18. Bg2 Rge8 19. O-O Ne5 20. d4 Nc4 21. Nxc4 dxc4 22.
e3 h5 23. gxh5 Nxh5 24. d5 Nf6 25. Rd1 Kb6 26. b3 Bb5 27. a4 Bd7 28. bxc4 Ka7
29. Ba3 b6 30. Rf1 g4 31. h4 Bf5 32. Rad1 Qd6 33. f4 gxf3 34. Bxf3 Rg8+ 35. Kh1
Rg3 36. Bg2 Bh3 37. Rg1 Rxe3 38. Rdf1 Rg8 39. Bxh3 Rxh3+ 0-1

[Event "AUTO-INT-3791"]
[Site "http://www.queenalice.com/game.php?id=1809188"]
[Date "2023.4.3"]
[Round "2"]
[White "brettsinclair"]
[Black "cucalegal2"]
[Result "1-0"]
[WhiteElo "1674"]
[BlackElo "1584"]

1. e4 e5 2. Nf3 f6 3. Nxe5 Qe7 4. Nd3 Qxe4+ 5. Qe2 f5 6. Qxe4+ fxe4 7. Ne5 d6 8.
Nc4 Nf6 9. Nc3 Be7 10. d3 b5 11. Ne3 d5 12. Ncxd5 exd3 13. Bxd3 Nxd5 14. Nxd5
Kd8 15. O-O a6 16. Nxe7 Kxe7 17. Bg5+ Kf7 18. Rae1 Nc6 19. Be4 Bb7 20. Bd5+ Kg6
21. Bh4 Rhe8 22. Bg3 Rxe1 23. Rxe1 Rd8 24. Bxc6 Bxc6 25. Bxc7 Rf8 26. Bb6 Rf6
27. Ba5 h5 28. Bc3 Rd6 29. f4 Bd7 30. h3 h4 31. Re7 Kf5 32. Rxg7 Kxf4 33. Rh7
Kg5 34. Kf2 Bf5 35. Rg7+ Kh6 36. Rg8 Rd7 37. Rh8+ Kg6 38. Rxh4 Rf7 39. Kg3 Bxc2
40. Rg4+ Kh7 41. a3 Rb7 42. h4 Bd1 43. Rg5 Rd7 44. Kf4 Be2 45. g4 Bc4 46. h5
Rf7+ 47. Ke5 Bd3 48. Ke6 Bc4+ 49. Kd6 Rf6+ 50. Bxf6 Bd3 51. Rg7+ Kh6 52. Ra7 Be2
53. g5+ Kxh5 54. Rxa6 Kg6 55. Rb6 Kf7 56. Kc5 Bf1 57. Rxb5 Kg6 58. a4 Bg2 59. a5
Be4 60. a6 Ba8 61. a7 Kf7 62. Rb8 Bf3 63. a8=Q Bxa8 64. Rxa8 1-0

[Event "AUTO-INT-3813"]
[Site "http://www.queenalice.com/game.php?id=1810420"]
[Date "2023.4.22"]
[Round "1"]
[White "Ruusgugg"]
[Black "brettsinclair"]
[Result "0-1"]
[WhiteElo "1317"]
[BlackElo "1701"]

1. g4 d5 2. b4 e5 3. b5 b6 4. Bb2 Bd6 5. e3 Nd7 6. a4 Bb7 7. a5 bxa5 8. f4 f6 9.
fxe5 Nxe5 10. d4 Nd7 11. Qd3 Ne7 12. Nd2 O-O 13. e4 dxe4 14. Nxe4 Bf4 15. Ne2 f5
16. gxf5 Bh6 17. Qb3+ Bd5 18. Qf3 Rxf5 19. Qg2 Nf6 20. Nc5 Bxg2 21. Bxg2 Rb8 22.
Bh3 Rh5 23. Bg2 Nfd5 24. Bf3 Rf5 0-1

[Event "AUTO-INT-3813"]
[Site "http://www.queenalice.com/game.php?id=1810421"]
[Date "2023.4.22"]
[Round "1"]
[White "brettsinclair"]
[Black "Ruusgugg"]
[Result "1-0"]
[WhiteElo "1699"]
[BlackElo "1319"]

1. e4 b6 2. d4 Bb7 3. Nc3 c5 4. dxc5 bxc5 5. Nf3 e6 6. Bf4 Nc6 7. Be2 f6 8. e5
fxe5 9. Nxe5 Nxe5 10. Bxe5 Bxg2 11. Rg1 Bc6 12. Bxg7 Bxg7 13. Rxg7 Qf6 14. Bh5+
Kd8 15. Rf7 Qe5+ 16. Be2 Qxh2 17. Qd2 Ne7 18. O-O-O a5 19. Bf3 Bxf3 20. Rxf3 Nc6
21. Qxd7# 1-0

[Event "AUTO-INT-3813"]
[Site "http://www.queenalice.com/game.php?id=1810434"]
[Date "2023.4.22"]
[Round "1"]
[White "brettsinclair"]
[Black "juim"]
[Result "0-1"]
[WhiteElo "1699"]
[BlackElo "1713"]

1. e4 d5 2. exd5 Qxd5 3. d4 Qd8 4. Nf3 e6 5. Bf4 Bd6 6. Bxd6 Qxd6 7. Be2 Nf6 8.
Nc3 O-O 9. Ne5 Nc6 10. Nxc6 Qxc6 11. f3 Nd5 12. Nxd5 exd5 13. O-O Bf5 14. c3 a5
15. Bd3 Bxd3 16. Qxd3 Rfe8 17. Rae1 Re6 18. f4 Rxe1 19. Rxe1 Qa4 20. a3 h6 21.
h3 Qb3 22. Re2 Qa4 23. Re5 Qd7 24. f5 f6 25. Re6 Re8 26. Qe3 Ra8 27. Qf3 Qb5 28.
Qf2 Re8 29. Kh2 Qd7 30. Qe2 Kf8 31. Kg3 Ra8 32. c4 dxc4 33. Qxc4 Rd8 34. Re4
Qxf5 35. Rf4 Qb1 36. Qxc7 Qe1+ 37. Kh2 Qe8 38. Qc5+ Kg8 39. Qxa5 Ra8 40. Qd5+
Kh8 41. Rg4 b6 42. Re4 Qb8+ 43. g3 Ra5 44. Qc6 Kh7 45. d5 Qd8 46. d6 Rc5 47. Qa4
Qxd6 48. Re2 Rg5 49. Qe4+ f5 50. Qe6 Qxg3+ 51. Kh1 Qg1# 0-1

[Event "AUTO-INT-3813"]
[Site "http://www.queenalice.com/game.php?id=1810435"]
[Date "2023.4.22"]
[Round "1"]
[White "juim"]
[Black "brettsinclair"]
[Result "1-0"]
[WhiteElo "1619"]
[BlackElo "1703"]

1. e4 c5 2. d4 cxd4 3. Qxd4 Nc6 4. Qe3 e5 5. Bd3 b6 6. Bb5 Bb7 7. Nf3 Bd6 8. Bd2
Nge7 9. O-O O-O 10. Nc3 Nb4 11. Bd3 Nxd3 12. Qxd3 Bc7 13. Nb5 f6 14. Bb4 Nc6 15.
Nxc7 Qxc7 16. Bxf8 Rxf8 17. Rfd1 Rd8 18. g3 Nb4 19. Qb3+ Kh8 20. Qxb4 a5 21. Qa4
Ba6 22. c3 b5 23. Qc2 d6 24. Nh4 g6 25. Rd3 b4 26. Rf3 Qf7 27. Qd2 bxc3 28. Rxc3
d5 29. exd5 g5 30. Nf5 Bc8 31. Rac1 Bxf5 32. Rc7 Qg8 33. Qxa5 h5 34. Qa6 Qe8 35.
Qxf6+ Kg8 36. Qg7# 1-0

[Event "AUTO-INT-3813"]
[Site "http://www.queenalice.com/game.php?id=1810436"]
[Date "2023.4.22"]
[Round "1"]
[White "brettsinclair"]
[Black "zmanomega"]
[Result "1-0"]
[WhiteElo "1684"]
[BlackElo "1623"]

1. e4 e5 2. Nf3 d6 3. d4 Bg4 4. d5 Nf6 5. Qd3 Bh5 6. Nc3 Ng4 7. Bd2 Nxf2 8. Kxf2
Be7 9. Be2 Nd7 10. h3 g6 11. g4 Nf6 12. gxh5 Nxh5 13. h4 Nf4 14. Bxf4 exf4 15.
Qd2 Qd7 16. Qxf4 Rf8 17. Qh6 Rh8 18. Qg7 O-O-O 19. Qxf7 Rdf8 20. Qg7 a6 21. Qh6
c6 22. dxc6 Qxc6 23. Rhd1 b5 24. Kg2 Bf6 25. Qe3 Rf7 26. Ng5 Bxg5 27. Qxg5 Qc5
28. Qg4+ Kb7 29. Rf1 Re7 30. Bf3 Kb6 31. Nd5+ Ka7 32. c3 Rb7 33. b4 Qc6 34. a4
Rf8 35. axb5 Rxb5 36. Qe6 Rb7 37. e5 Rff7 38. Nf6 Rfe7 39. Qb3 Qc7 40. Bxb7
Qxb7+ 41. Nd5 Rxe5 42. c4 g5 43. b5 gxh4 44. Rxa6+ 1-0

[Event "AUTO-INT-3813"]
[Site "http://www.queenalice.com/game.php?id=1810437"]
[Date "2023.4.22"]
[Round "1"]
[White "zmanomega"]
[Black "brettsinclair"]
[Result "0-1"]
[WhiteElo "1648"]
[BlackElo "1684"]

1. e4 c5 2. Qh5 e6 3. Nf3 Nf6 4. Qe5 Nc6 5. Qf4 Be7 6. Bd3 d6 7. O-O Bd7 8. c3
Qc7 9. Qe3 O-O-O 10. a3 d5 11. exd5 Nxd5 12. Qe2 f6 13. c4 Nf4 14. Qe3 Nxd3 15.
Qxd3 e5 16. Qc3 Nd4 17. Nxd4 cxd4 18. Qd3 g6 19. b4 Bf5 20. Qb3 e4 21. a4 Be6
22. Qa3 Bxc4 23. Re1 f5 24. Qh3 Kb8 25. Ba3 Bf6 26. Ra2 Bxa2 27. f3 e3 28. d3
Bxb1 29. Rxb1 Qc3 30. g3 Qxa3 31. g4 Qxd3 32. Qg3+ Ka8 33. Rc1 e2 34. f4 Qxg3+
0-1

[Event "AUTO-INT-3828"]
[Site "http://www.queenalice.com/game.php?id=1816684"]
[Date "2023.7.19"]
[Round "1"]
[White "brettsinclair"]
[Black "Castling"]
[Result "1-0"]
[WhiteElo "1686"]
[BlackElo "1591"]

1. e4 e5 2. Nf3 d6 3. d4 Bg4 4. Bc4 Nf6 5. dxe5 Bxf3 6. Qxf3 dxe5 7. Qb3 Qd7 8.
Qxb7 Qc6 9. Bb5 Bb4+ 10. c3 O-O 11. Bxc6 Nxc6 12. cxb4 Nd4 13. Na3 Rfd8 14. Bd2
Nxe4 15. Qxe4 c6 16. O-O Nf3+ 17. Qxf3 Rxd2 18. Nc4 Rd7 19. Qxc6 Rdd8 20. Nxe5
1-0

[Event "AUTO-INT-3828"]
[Site "http://www.queenalice.com/game.php?id=1816685"]
[Date "2023.7.19"]
[Round "1"]
[White "Castling"]
[Black "brettsinclair"]
[Result "0-1"]
[WhiteElo "1558"]
[BlackElo "1705"]

1. e4 c5 2. Bc4 Nc6 3. Nf3 e6 4. Nc3 Qc7 5. d3 Nf6 6. h3 a6 7. a3 b5 8. Ba2 Be7
9. Be3 O-O 10. Qd2 Bb7 11. Ne2 d5 12. e5 Nxe5 13. Nxe5 Qxe5 14. d4 Qc7 15. O-O-O
Ne4 16. Qe1 c4 17. c3 a5 18. Nf4 b4 19. Bd2 bxa3 20. f3 axb2+ 21. Kc2 Nd6 22.
Kxb2 Nb5 23. Nxe6 Ba3+ 24. Kc2 fxe6 25. Qxe6+ Kh8 26. Rde1 Bc6 27. f4 Nd6 28.
Re5 Ba4+ 29. Kb1 Qb6+ 0-1

[Event "AUTO-INT-3828"]
[Site "http://www.queenalice.com/game.php?id=1816686"]
[Date "2023.7.19"]
[Round "1"]
[White "brettsinclair"]
[Black "brumbaz"]
[Result "1-0"]
[WhiteElo "1715"]
[BlackElo "1516"]

1. e4 e5 2. Nf3 Nc6 3. Bb5 Bc5 4. c3 Nf6 5. d4 exd4 6. e5 Qe7 7. O-O Nxe5 8. Re1
O-O 9. cxd4 Nxf3+ 10. gxf3 Qd6 11. dxc5 Qxc5 12. Bd3 d6 13. Be3 Qh5 14. Nd2 Bf5
15. Ne4 Nxe4 16. fxe4 Bg4 17. Be2 Bxe2 18. Qxe2 Qg6+ 19. Kh1 Qxe4+ 20. f3 Qe5
21. b3 b5 22. Qf2 a5 23. Bb6 Qf5 24. Bxc7 Qd7 25. Qb6 h5 26. Bxd6 Rfc8 27. Re7
Qc6 28. Qxc6 Rxc6 29. Bg3 a4 30. bxa4 b4 31. Rb7 Rc4 32. Bd6 Rac8 33. Bxb4 g5
34. Bd2 h4 35. Bxg5 h3 36. a5 R4c5 37. Bd2 Rc2 38. Rd7 Rb8 39. Kg1 f5 40. f4 Kf8
41. Kf2 Ke8 42. Rd3 Rd8 43. Rxd8+ Kxd8 44. Ke3 1-0

[Event "AUTO-INT-3828"]
[Site "http://www.queenalice.com/game.php?id=1816687"]
[Date "2023.7.19"]
[Round "1"]
[White "brumbaz"]
[Black "brettsinclair"]
[Result "0-1"]
[WhiteElo "1476"]
[BlackElo "1698"]

1. e4 c5 2. Bc4 Nc6 3. Nf3 e6 4. d3 d5 5. exd5 exd5 6. Bb5 Qa5+ 7. c3 Qxb5 8.
Qe2+ Be6 9. Bd2 Qxb2 10. O-O Qxa1 11. Bg5 h6 12. Bf4 g5 13. Bc7 Bg7 14. Ne5 Nxe5
15. Bxe5 Nf6 16. f4 O-O 17. fxg5 hxg5 18. Na3 Bg4 19. Qd2 Qxf1+ 20. Kxf1 Nh7 21.
d4 Bxe5 22. dxe5 Be6 23. Nb5 a6 24. Nc7 Rad8 25. Qe3 d4 26. cxd4 cxd4 27. Qg3
Bxa2 28. h4 f6 29. e6 d3 30. e7 d2 0-1

[Event "AUTO-INT-3828"]
[Site "http://www.queenalice.com/game.php?id=1816688"]
[Date "2023.7.19"]
[Round "1"]
[White "brettsinclair"]
[Black "altair"]
[Result "1-0"]
[WhiteElo "1723"]
[BlackElo "1660"]

1. e4 e5 2. Nf3 d6 3. d4 f6 4. Nc3 a6 5. dxe5 dxe5 6. Qxd8+ Kxd8 7. Bc4 Bd7 8.
Be3 Bd6 9. a3 h6 10. h3 Nc6 11. b4 Be8 12. Be6 Bd7 13. Bxd7 Kxd7 14. O-O Rd8 15.
Rfd1 Kc8 16. Nd5 Nge7 17. Nxe7+ Bxe7 18. c3 g6 19. Nh4 g5 20. Ng6 Rhg8 21. Nxe7+
Nxe7 22. a4 Rd7 23. Bc5 Nc6 24. Rxd7 Kxd7 25. Rd1+ Kc8 26. b5 Na5 27. bxa6 bxa6
28. Be7 Rg6 29. Rd8+ Kb7 30. Rf8 Nc4 31. Bxf6 Nb6 32. Rf7 Rg8 33. Bxe5 Na8 34.
a5 Re8 35. Bg7 h5 36. f3 Rd8 37. e5 Rd5 38. e6 Rd1+ 39. Kf2 Rd6 40. Rf6 Kc8 41.
Rf8+ Kb7 42. e7 Re6 43. e8=Q Rxe8 44. Rxe8 c5 45. c4 Nc7 46. Re7 Kc6 47. Rxc7+
Kxc7 48. g4 hxg4 49. fxg4 Kd6 50. Bf6 Ke6 51. Bxg5 Ke5 52. Ke3 Ke6 53. Ke4 1-0

[Event "AUTO-INT-3828"]
[Site "http://www.queenalice.com/game.php?id=1816689"]
[Date "2023.7.19"]
[Round "1"]
[White "altair"]
[Black "brettsinclair"]
[Result "0-1"]
[WhiteElo "1711"]
[BlackElo "1736"]

1. e4 c5 2. d3 Nc6 3. Nc3 g6 4. Be2 Bg7 5. Nf3 e6 6. Be3 Nd4 7. O-O a6 8. Bxd4
cxd4 9. Na4 Ne7 10. Nc5 b6 11. Nb3 e5 12. Nbd2 O-O 13. a3 d6 14. h3 Bb7 15. c3
b5 16. Nb3 dxc3 17. bxc3 Rc8 18. c4 bxc4 19. dxc4 Bxe4 20. Rc1 Bc6 21. Qc2 e4
22. Nfd4 Bb7 23. Bg4 f5 24. Be2 Qd7 25. Qa2 Nc6 26. Nxc6 Bxc6 27. Rcd1 Kh8 28.
c5 d5 29. Bxa6 Ra8 30. Be2 Bb5 31. Bxb5 Qxb5 32. Rxd5 Bc3 33. Rb1 Bb4 34. Qb2+
Kg8 35. axb4 Qxb4 36. Rd7 Rf7 37. Rxf7 Kxf7 38. Qe5 Re8 39. Qd5+ Kf8 40. Rd1 Qc3
41. Nd4 Re7 42. Ne6+ Kf7 43. Ng5+ Kg7 44. c6 Kh6 45. Nf7+ Kh5 46. g4+ Kh4 47.
gxf5 Qxh3 48. fxg6 Qg4+ 49. Kf1 Qh3+ 50. Ke1 Qh1+ 51. Kd2 e3+ 52. Kc2 Qxd5 53.
Rxd5 hxg6 54. Rd4+ Kh5 55. fxe3 Rxf7 56. Rd7 Rf6 57. c7 Rc6+ 58. Kd3 g5 59. Kd4
g4 60. Ke4 Kh4 61. Kf4 Rf6+ 62. Ke5 Rc6 63. Kd5 Rc2 64. Kd6 g3 65. Rg7 Kh3 66.
c8=Q+ Rxc8 67. e4 Rd8+ 68. Ke5 Rf8 69. Kd4 g2 70. e5 Kh2 71. e6 g1=Q+ 72. Rxg1
Kxg1 73. Ke5 Kf2 74. e7 Re8 75. Kd6 Ke3 76. Kd7 Rxe7+ 77. Kxe7 Ke4 0-1

[Event "AUTO-ADV-4731"]
[Site "http://www.queenalice.com/game.php?id=1820780"]
[Date "2023.9.14"]
[Round "1"]
[White "Daniel1962"]
[Black "brettsinclair"]
[Result "1-0"]
[WhiteElo "1751"]
[BlackElo "1688"]

1. e4 e5 2. Bc4 Bc5 3. Nf3 d6 4. d4 Bxd4 5. Nxd4 exd4 6. Qxd4 Qf6 7. Qd3 Ne7 8.
Nc3 c6 9. Be3 b5 10. Bd4 Qg6 11. Bb3 Qxg2 12. O-O-O Qg5+ 13. Be3 Qf6 14. e5 Qxe5
15. f4 Qf6 16. Ne4 Qh6 17. Nxd6+ Kf8 18. Nxf7 Nd7 19. Nxh6 gxh6 20. Qd6 Ke8 21.
Rhg1 a5 22. Qxh6 1-0

[Event "AUTO-ADV-4731"]
[Site "http://www.queenalice.com/game.php?id=1820781"]
[Date "2023.9.14"]
[Round "1"]
[White "brettsinclair"]
[Black "Daniel1962"]
[Result "0-1"]
[WhiteElo "1703"]
[BlackElo "1736"]

1. Nf3 d5 2. g3 Bf5 3. Bg2 e6 4. O-O Nf6 5. d3 Bd6 6. Nbd2 e5 7. Re1 e4 8. Nh4
Be6 9. dxe4 dxe4 10. Nxe4 Nxe4 11. Bxe4 Nc6 12. Bxc6+ bxc6 13. e4 Qf6 14. c3 Bc5
15. Be3 Bxe3 16. Rxe3 Rb8 17. b3 O-O 18. Rc1 Rbd8 19. Qe2 c5 20. c4 a5 21. a4
Rd4 22. Rd1 Rxd1+ 0-1

[Event "AUTO-ADV-4731"]
[Site "http://www.queenalice.com/game.php?id=1820792"]
[Date "2023.9.14"]
[Round "1"]
[White "SamuraiJOM"]
[Black "brettsinclair"]
[Result "1-0"]
[WhiteElo "1761"]
[BlackElo "1738"]

1. e4 c5 2. d3 Nc6 3. Nf3 Nf6 4. Nc3 d6 5. Nd5 e6 6. Nc3 Be7 7. Be2 Bd7 8. h3 a6
9. Bf4 e5 10. Bh2 b5 11. a3 O-O 12. Qd2 Re8 13. Nd5 Nxd5 14. exd5 Na5 15. O-O
Bf6 16. Rab1 Qb6 17. b4 Nb7 18. Ng5 h6 19. Ne4 Kh7 20. bxc5 1-0

[Event "AUTO-ADV-4731"]
[Site "http://www.queenalice.com/game.php?id=1820793"]
[Date "2023.9.14"]
[Round "1"]
[White "brettsinclair"]
[Black "SamuraiJOM"]
[Result "0-1"]
[WhiteElo "1643"]
[BlackElo "1779"]

1. e4 e5 2. Nf3 Nc6 3. Bb5 Bc5 4. O-O Nf6 5. c3 a6 6. Ba4 h6 7. d4 Ba7 8. dxe5
Nxe4 9. Nbd2 Nc5 10. Bc2 Ne6 11. Bf5 d6 12. exd6 cxd6 13. Re1 O-O 14. Nf1 Re8
15. Ng3 Qb6 16. Rf1 Bd7 17. Qxd6 Bc8 18. Qd1 Rd8 19. Qc2 Ne7 0-1

[Event "AUTO-ADV-4731"]
[Site "http://www.queenalice.com/game.php?id=1820800"]
[Date "2023.9.14"]
[Round "1"]
[White "brettsinclair"]
[Black "Esvir"]
[Result "0-1"]
[WhiteElo "1647"]
[BlackElo "2009"]

1. c4 e5 2. Nc3 Nc6 3. e3 Nf6 4. Nf3 b6 5. d3 Bb7 6. Be2 Be7 7. O-O O-O 8. a3 d5
9. cxd5 Nxd5 10. Nxd5 Qxd5 11. e4 Qd7 12. Be3 f5 13. exf5 Qxf5 14. Rc1 e4 15.
dxe4 Qxe4 16. Bd3 Qg4 17. h3 Qh5 0-1

[Event "AUTO-ADV-4731"]
[Site "http://www.queenalice.com/game.php?id=1820801"]
[Date "2023.9.14"]
[Round "1"]
[White "Esvir"]
[Black "brettsinclair"]
[Result "1-0"]
[WhiteElo "2011"]
[BlackElo "1645"]

1. e4 Nf6 2. d3 c5 3. Nf3 d6 4. h3 e6 5. Nc3 g6 6. d4 cxd4 7. Nxd4 e5 8. Bb5+
Bd7 9. Bxd7+ Qxd7 10. Nf3 Nc6 11. O-O O-O-O 12. Qe2 Kb8 13. Bg5 Bg7 14. Nd5 Qe6
15. c4 Ne7 16. b4 Nexd5 17. cxd5 Qd7 18. a4 Rc8 19. b5 b6 20. a5 1-0